Focus: alarm and evacuation (Record no. 73341)
[ view plain ]
| 000 -LEADER | |
|---|---|
| fixed length control field | 01706cam a2200361 4500 |
| 001 - CONTROL NUMBER | |
| control field | ABS66952 |
| 008 - FIXED-LENGTH DATA ELEMENTS--GENERAL INFORMATION | |
| fixed length control field | 030903n2003 000 0 eng u |
| 035 ## - SYSTEM CONTROL NUMBER | |
| System control number | (Sirsi) u123482 |
| 100 ## - MAIN ENTRY--PERSONAL NAME | |
| Personal name | Galea, E. |
| 245 ## - TITLE STATEMENT | |
| Title | Focus: alarm and evacuation |
| 260 ## - PUBLICATION, DISTRIBUTION, ETC. | |
| Date of publication, distribution, etc. | 2003 |
| 490 ## - SERIES STATEMENT | |
| Series statement | Fire Engineers' Journal |
| Volume/sequential designation | August 2003, 16-39(22) |
| 520 ## - SUMMARY, ETC. | |
| Summary, etc. | Special report on fire alarm and evacuation comprising of: "World in motion" previews the second International Conference in Pedestrian and Evacuation Dynamics (PED 2003); "Predicting the past" compares a simulation's predictions with actual events; "Data benefits" identifies the factors which have the greatest impact on building evacuation times to enable research to be targeted at obtaining useful data; "Lift logic" argues that emergency escape lifts should be used as a major means of escape in super-high-rise buildings; "Sound effects" describes the technology available for raising the alarm in the event of fire: "Deaf defying" examines how the implementation of new legislation should raise the standards of fire safety provision for deaf people; "Natural control" outlines a system that was introduced to reduce the number of false alarms. |
| 590 ## - LOCAL NOTE (RLIN) | |
| Local note | ABS |
| 650 ## - SUBJECT ADDED ENTRY--TOPICAL TERM | |
| Topical term or geographic name entry element | FIRE EVACUATION |
| 650 ## - SUBJECT ADDED ENTRY--TOPICAL TERM | |
| Topical term or geographic name entry element | FIRE ALARMS |
| 650 ## - SUBJECT ADDED ENTRY--TOPICAL TERM | |
| Topical term or geographic name entry element | LIFTS |
| 650 ## - SUBJECT ADDED ENTRY--TOPICAL TERM | |
| Topical term or geographic name entry element | FIRE ESCAPE |
| 690 ## - LOCAL SUBJECT ADDED ENTRY--TOPICAL TERM (OCLC, RLIN) | |
| Topical term or geographic name as entry element | BUILT ENVIRONMENT-BUILDING STANDARDS |
| 700 ## - ADDED ENTRY--PERSONAL NAME | |
| Personal name | Jiang, H. |
| 700 ## - ADDED ENTRY--PERSONAL NAME | |
| Personal name | Gwynne, E. |
| 700 ## - ADDED ENTRY--PERSONAL NAME | |
| Personal name | Lawrence, P. |
| 700 ## - ADDED ENTRY--PERSONAL NAME | |
| Personal name | Jia, F. |
| 700 ## - ADDED ENTRY--PERSONAL NAME | |
| Personal name | Ingason, H. |
| 700 ## - ADDED ENTRY--PERSONAL NAME | |
| Personal name | Purser, D. |
| 700 ## - ADDED ENTRY--PERSONAL NAME | |
| Personal name | So, A. |
| 700 ## - ADDED ENTRY--PERSONAL NAME | |
| Personal name | Lai, T. |
| 700 ## - ADDED ENTRY--PERSONAL NAME | |
| Personal name | Yu, J. |
| 700 ## - ADDED ENTRY--PERSONAL NAME | |
| Personal name | Choppen, B. |
| 700 ## - ADDED ENTRY--PERSONAL NAME | |
| Personal name | Parker, E. |
| 700 ## - ADDED ENTRY--PERSONAL NAME | |
| Personal name | Chamberlaine, M. |
| 942 ## - ADDED ENTRY ELEMENTS (KOHA) | |
| Suppress in OPAC | 0 |
| Withdrawn status | Lost status | Source of classification or shelving scheme | Damaged status | Not for loan | Home library | Current library | Shelving location | Date acquired | Total Checkouts | Full call number | Barcode | Date last seen | Copy number | Price effective from | Koha item type |
|---|---|---|---|---|---|---|---|---|---|---|---|---|---|---|---|
| Dewey Decimal Classification | London | London | Journal article | 03/09/2003 | ABS66952 | 123482-1001 | 06/08/2019 | 1 | 06/08/2019 | Journal article |